Polen, Preußen und Deutschland

Titel: Polen, Preußen und Deutschland : ein Beitrag zur Reorganisation Europas / Constantin Frantz
Verfasser:
Ausgabe: Faks.-Dr. d. Ausg. Halberstadt 1848
Veröffentlicht: Siegburg : Respublica-Verl. Schmitt, 1969
Umfang: XVI, 101 S.
Format: Buch
Sprache: Deutsch
Kein Bild verfügbar
X
Lokale Klassifikation: 32 7 J
alg: 2892876
001A    $00036:14-04-94 
001B    $01999:28-04-23 $t21:10:47.000 
001C    $00077:25-02-11 $t12:38:13.000 
001D    $09999:99-99-99 
001U    $0utf8 
001X    $00 
002@    $0Aauc 
003@    $0028928768 
003O    $0613107136 $aOCoLC 
007A    $0028928768 $aHEB 
007T    $0Herdhh028928768 
010@    $ager 
011@    $a1969 $n1969 
015@    $00 
021A    $aPolen, Preußen und Deutschland $dein Beitrag zur Reorganisation Europas $hConstantin Frantz 
027A    $aBetrachtungen über den Polonismus im Großherzogtum Posen und die damit zusammenhängenden politischen Verhältnisse 
028A    $#Frantz, Gustav Adolph Constantin $#Frantz, Konstantin $#Frantz, C. $#Frantz, Gustav Adolph Konstantin $#Franz, Constantin $#Franz, Konstantin $#Frant︠s︡, Konstantin $#Franc, Konstantin $#Frantz, Gustav Adolph $#Frantz, Gustav Adolph Constantin $7118534939 $8Frantz, Constantin$Z1817-1891 [Tp1] $908687599X 
032@    $aFaks.-Dr. d. Ausg. Halberstadt 1848 
033A    $pSiegburg $nRespublica-Verl. Schmitt 
034D    $aXVI, 101 S. 
045F    $a900.943809034 $eDDC23BSB 
045F/01 $a900 
045F/03 $f09034 
045F/03 $f09041 
045F/03 $g438 
046M    $aEnth. außerdem: Betrachtungen über den Polonismus im Großherzogtum Posen und die damit zusammenhängenden politischen Verhältnisse / Constantin Frantz 

lok: 2892876 13
101B    $002-08-95 $t09:43:45.352 
107F    $0080692303 
145Z/01 $aPolen C 63 
145Z/02 $aDt C 89 Polen 
150J    $aFrantz, Constantin: Polen 
150J    $aFrantz, Constantin: [Werke] 
150J    $aFrantz, Constantin: Betrachtungen 
101U    $0utf8 

exp: 2892876 13 1 #EPN
201B/01 $029-01-02 $t14:51:20.343 
203@/01 $0080692311 
208@/01 $a14-04-94 $bh 
209A/01 $a7/3298, [Bd. 2] $du $f000 $h7 3298 / B 2 $x00 
209B/01 $a05 $x05 
209C/01 $a81.838 $h81 838 
247C/01 $8655000-9 <36>Mainz, Wissenschaftliche Stadtbibliothek Mainz $9102599564 
201U/01 $0utf8 

lok: 2892876 24
101B    $015-11-06 $t11:01:47.000 
101C    $015-11-06 
145Z/01 $a32 7 J 
101U    $0utf8 

exp: 2892876 24 1 #EPN
201B/01 $013-03-06 $t10:09:00.000 
201C/01 $013-03-06 
203@/01 $0367718448 
208@/01 $a13-03-06 $br 
209A/01 $a32 VII J 191 $du $f050 $h32 7 J 191 $x00 
209C/01 $a2598 K 69 $h69 2598 K 
209G/01 $a71026493 $x00 
220C/01 $azag 
247C/01 $8358050-7 Marburg, Bibliothek des Herder-Instituts Marburg $9102600961 
201U/01 $0utf8 

lok: 2892876 25

exp: 2892876 25 1 #EPN
201B/01 $012-03-08 $t13:35:36.000 
201C/01 $012-03-08 
201U/01 $0utf8 
203@/01 $0525965742 
206W/01 $0018-0194 
208@/01 $a12-03-08 $brum 
209A/01 $aAK 4968 $du $f000 $x00 
209C/01 $a1969 K 5321 
209G/01 $a40659278 $x00 
209G/01 $aMAG $x01 
247C/01 $8651000-0 <77>Mainz, Universität Mainz, Zentralbibliothek $9102599602 

lok: 2892876 66

exp: 2892876 66 1 #EPN
201B/01 $008-05-13 $t12:44:42.000 
201C/01 $008-05-13 
201U/01 $0utf8 
203@/01 $0675253993 
208@/01 $a08-05-13 $bz 
209A/01 $aWB Fran/P $du $f000 $x00 
209C/01 $a13/d602G 
247C/01 $8618123-5 Darmstadt, Bibliothek des Deutschen Polen-Instituts $9102600902 

lok: 2892876 78

exp: 2892876 78 1 #EPN
201B/01 $019-04-17 $t16:57:41.000 
201U/01 $0utf8 
203@/01 $0792820630 
208@/01 $a12-11-16 $be 
209A/01 $a/ $f000 $x00 
237A/01 $aweiterführende Signatur(en): Herder-Institut: 32 VII J 191 
244Z/01 $2Trx $8--Trx--Monographie $x01 $9391384546 
247C/01 $82080>Marburg/Lahn, Herder-Institut, Forschungsbibliothek, Bibliographieportal $9336309341
LEADER 00000cam a2200000 c 4500
001 028928768
003 DE-603
005 20230428211047.0
007 tu
008 940414s1969 xx |||| | u00||u|ger c
035 |a (DE-599)HEB028928768 
035 |a (OCoLC)613107136 
040 |a DE-603  |b ger  |c DE-603  |d DE-603 
041 |a ger 
082 0 4 |8 1\u  |a 900.943809034  |q DE-101  |2 23/BSB 
085 |8 1\u  |b 900 
085 |8 1\u  |z 1  |s 09034 
085 |8 1\u  |z 1  |s 09041 
085 |8 1\u  |z 2  |s 438 
100 1 |a Frantz, Constantin  |d 1817-1891  |0 (DE-603)08687599X  |0 (DE-588)118534939  |2 gnd 
245 0 0 |a Polen, Preußen und Deutschland  |b ein Beitrag zur Reorganisation Europas  |c Constantin Frantz 
246 1 3 |a Betrachtungen über den Polonismus im Großherzogtum Posen und die damit zusammenhängenden politischen Verhältnisse 
250 |a Faks.-Dr. d. Ausg. Halberstadt 1848 
264 1 |a Siegburg  |b Respublica-Verl. Schmitt  |c 1969 
300 |a XVI, 101 S. 
501 |a Enth. außerdem: Betrachtungen über den Polonismus im Großherzogtum Posen und die damit zusammenhängenden politischen Verhältnisse / Constantin Frantz 
924 0 |9 36  |a (DE-603)080692311  |b DE-36  |c HES  |d c  |g 7/3298, [Bd. 2] 
924 0 |9 Mb 50  |a (DE-603)367718448  |b DE-Mb50  |c HES  |d c  |g 32 VII J 191 
924 0 |9 77  |a (DE-603)525965742  |b DE-77  |c HES  |d c  |g AK 4968  |h MAG 
924 0 |9 Ds 123  |a (DE-603)675253993  |b DE-Ds123  |c HES  |d d  |g WB Fran/P 
924 0 |9 2080  |a (DE-603)792820630  |b DE-2080  |c HES  |d d  |g /